Т. 24; Алгебра. Топология. Геометрия

Bibliografiske detaljer
Parent link:Алгебра. Топология. Геометрия/ Академия наук СССР (АН СССР), Всесоюзный институт научной и технической информации (ВИНИТИ). Т. 24.— , 1965-1991.— 0202-7445
Andre forfattere: Гамкрелидзе Р. В. (редактор)
Sprog:russisk
Udgivet: 1986
Fag:
Format: Bog
KOHA link:https://koha.lib.tpu.ru/cgi-bin/koha/opac-detail.pl?biblionumber=265794

MARC

LEADER 00000nam2a2200000 4500
001 265794
005 20231101233942.0
035 |a (RuTPU)RU\TPU\book\288796 
035 |a RU\TPU\book\288795 
090 |a 265794 
100 |a 20140630d1986 k y0rusy50 ca 
101 0 |a rus 
102 |a RU 
105 |a y z 001zy 
200 0 |a Т. 24  |f науч. ред. Р. В. Гамкрелидзе 
210 |d 1986 
215 |a 269 с. 
320 |a Библиография в конце работ 
461 1 |0 (RuTPU)RU\TPU\book\66235  |x 0202-7445  |t Алгебра. Топология. Геометрия  |f Академия наук СССР (АН СССР), Всесоюзный институт научной и технической информации (ВИНИТИ)  |v Т. 24  |d 1965-1991  |s Алгебра. Топология. Геометрия 
606 1 |a Алгебра  |2 stltpush  |3 (RuTPU)RU\TPU\subj\1723  |9 30429 
606 1 |a Топология  |2 stltpush  |3 (RuTPU)RU\TPU\subj\60999  |9 78215 
606 1 |a Геометрия  |2 stltpush  |3 (RuTPU)RU\TPU\subj\6171  |9 34123 
610 1 |a конечные группы 
610 1 |a квадратичные формы 
610 1 |a алгебраическая теория 
610 1 |a ретракция 
610 1 |a экстензоры 
610 1 |a пространства 
610 1 |a сборники 
675 |a 512  |v 3 
675 |a 515.1  |v 3 
675 |a 514  |v 3 
702 1 |a Гамкрелидзе  |b Р. В.  |4 340 
801 1 |a RU  |b 63413507  |c 20060417  |g PSBO 
801 2 |a RU  |b 63413507  |c 20190219  |g PSBO 
942 |c BK